000 00494nam a2200181Ia 4500
001 21020
005 20260306172848.0
008 260306t2018||||xx |||||||||||||| ||spa||
041 _aESP
082 _a344
_bA67D
100 _aArbulú Martínez, Víctor Jimmy
_eAUT
245 0 _aDerecho penal. Parte especial:
_bdelitos contra la libertad eindemnidad sexual y otros
260 _c2018
300 _a526 páginas :
_c25 cm.
650 _aGEN
654 _aCDE
942 _cLIB
_dJUS
_fJUS
_2ddc
_n
999 _c21020
_d21020